Регионална библиотека "Любен Каравелов" - Русе

Ски (Запис номер 455992)

MARC детайли
000 -Лидер
Контролно поле с фиксирана дължина nam a22 a 4500
003 - Код на организацията, давaща контролен номер
Контролно поле BLK
005 - Дата и час на последна редакция
Контролно поле 20220517103122.0
008 - Елементи от данни с фиксирана дължина
fixed length control field 220517b bu |||||r|||| 00| | bu d
040 ## - Източник на каталожния запис
Идентификатор на билиотеката - собственик на записа BLK
041 ## - Код за език
Код за езика на текст/звукозапис или на отделно заглавие Български
Код за езика КДБФ Български
080 ## - УДК
Текстов определител УДК Ски спорт. Скиорство
УДК код - определител по УДК 796.92
УДК определител (02)
УДК - код + определител 796.92(02)
100 1# - Редна дума - Автор
Автор Дражев, Димитър В.
Авторска отговорност първи автор
R(LIN) 343527
139 ## - Редно поле
Редна дума Дражев, Димитър В.
Авторски знак Драго - Д 86
245 10 - Сведения за заглавието
Заглавие Ски
Подзаглавни данни Ръководство за обществения инструктор
Редно поле (дума) Димитър В. Дражев.
257 ## - Страна на издаване
Страна на създаване/издаване България
260 ## - Област на издателските данни
Място на издаване, разпространение и проч. София
Име на издателя, разпространителя и проч. Медицина и физкултура
Година на издаване 1965
300 ## - Физическа характеристика
Страници 99 с.
Илюстрации и др. с ил.
380 ## - Жанр
Жанр 793/799 Спорт
650 #0 - Допълнително описание по предмет – тема
Основно описание – тема или топоним Ски (спорт) - наръчници и ръководства
9 (RLIN) 242431
852 ## - Местоположение
Форматна сигнатура Цб 34094
999 ## - СИСТЕМНИ КОНТРОЛНИ НОМЕРА
Koha biblionumber 455992
Koha biblioitemnumber 455992
942 ## - АРТИКУЛИ
Вид на библиотечния материал Книги
Скрит в OPAC Не
Периодичен библиозапис Да
944 ## - СЪЗДАВАНЕ И РЕДАКЦИЯ на ЗАПИСА
Създаване/Редакция Създаване
Дата на регистрацията/редакция 2022-05-17
Служител, извършил регистрацията/редакцията ВК
Наличности
Код за отписване Код за изгубен артикул Източник на класификационната схема Код за повреда Код за отдаване Артикулен № Име на библиотеката - собственик Име на библиотеката, в която се намира в момента Статус (Текущо местоположение) Дата на вписване в системата Местоположение - отдел Цена в лева Инвентарен номер Систематично азбучна сигнатура Баркод Цена в евро Служебен тип на артикула
  Не е изгубен Universal Decimal Classification Не е повреден ползва се в читалня 884983 Регионална библиотека "Любен Каравелов" Русе Регионална библиотека "Любен Каравелов" Русе Хранилище 2022-05-18 Хранилище 0.00 9583/65 Цб 34094 900000094506 0.00 Книги
Vip Innovations Ltd, Rousse, Bulgaria 2025